Qué geografía aprender : (Record no. 214913)

MARC details
000 -CABECERA
campo de control de longitud fija 01115nam a2200313 a 4500
003 - IDENTIFICADOR DEL NÚMERO DE CONTROL
campo de control MX-MxUPN
005 - FECHA Y HORA DE LA ÚLTIMA TRANSACCIÓN
campo de control 20260406101041.0
007 - CAMPO FIJO DE DESCRIPCIÓN FÍSICA--INFORMACIÓN GENERAL
campo de control de longitud fija cr |||aaaaaaa|
008 - ELEMENTOS DE LONGITUD FIJA--INFORMACIÓN GENERAL
campo de control de longitud fija 260401s2024 ck|bd|||o ||| 000 0 spa d
020 ## - NÚMERO INTERNACIONAL NORMALIZADO PARA LIBROS
Número Internacional Estándar del Libro 9786287760486
040 ## - FUENTE DE LA CATALOGACIÓN
Centro catalogador/agencia de origen MX-MxUPN
Lengua de catalogación spa
Normas de descripción aacr2
041 0# - CÓDIGO DE IDIOMA
Código de lengua del texto/banda sonora o título independiente spa
050 14 - SIGNATURA TOPOGRÁFICA DE LA BIBLIOTECA DEL CONGRESO
Número de clasificación G73
100 1# - ASIENTO PRINCIPAL--NOMBRE PERSONAL
Nombre de persona Cely Rodríguez, Alexánder
9 (RLIN) 59061
100 1# - ASIENTO PRINCIPAL--NOMBRE PERSONAL
Nombre de persona Moreno Lache, Nubia
9 (RLIN) 59058
100 1# - ASIENTO PRINCIPAL--NOMBRE PERSONAL
Nombre de persona Castellanos Sepúlveda, Luis Felipe
9 (RLIN) 59204
100 1# - ASIENTO PRINCIPAL--NOMBRE PERSONAL
Nombre de persona Lombana Martínez, Óscar Iván
9 (RLIN) 59205
100 1# - ASIENTO PRINCIPAL--NOMBRE PERSONAL
Nombre de persona Álvarez Naranjo, Juan Camilo
9 (RLIN) 59206
245 10 - MENCIÓN DE TÍTULO
Título Qué geografía aprender :
Resto del título qué geografía enseñar
Medio [recurso electrónico en línea]
250 ## - MENCIÓN DE EDICIÓN
Mención de edición Primera edición
260 ## - PUBLICACIÓN, DISTRIBUCIÓN, ETC.
Lugar de publicación, distribución, etc. Bogotá, Colombia :
Nombre del editor, distribuidor, etc. Universidad Pedagógica Nacional,
Fecha de publicación, distribución, etc. 2024
300 ## - DESCRIPCIÓN FÍSICA
Extensión 1 recurso en línea (142 páginas) :
Otras características físicas mapas, gráficas, PDF
490 0# - MENCIÓN DE SERIE
Mención de serie Colección Ciencias sociales y humanidades
506 0# - NOTA DE RESTRICCIONES AL ACCESO
Limitaciones de acceso Acceso abierto
650 #4 - ASIENTO SECUNDARIO DE MATERIA - TERMINO TEMATICO
Término de materia o nombre geográfico como elemento de entrada Geografía
Subdivisión general Estudio y enseñanza
9 (RLIN) 10181
856 40 - LOCALIZACIÓN Y ACCESO ELECTRÓNICOS
Identificador Uniforme del Recurso <a href="http://hdl.handle.net/20.500.12209/21364">http://hdl.handle.net/20.500.12209/21364</a>
902 ## - ELEMENTOS DE DATOS B LOCAL, LDB (RLIN)
Creó JohanaAllegre/010426
942 ## - ELEMENTOS DE PUNTO DE ACCESO ADICIONAL (KOHA)
Fuente del sistema de clasificación o colocación Library of Congress Classification
Tipo de ítem Koha Libro Electrónico
Holdings
Estado de retiro Estado de pérdida Fuente del sistema de clasificación o colocación Estado dañado No para préstamo Código de colección Localización permanente Ubicación/localización actual Ubicación en estantería Fecha de adquisición Total de préstamos Clasificación Fecha visto por última vez Identificador Uniforme del Recurso Precio válido a partir de Tipo de ítem Koha
    Library of Congress Classification     Acceso abierto Bib. Gregorio Torres Quintero Bib. Gregorio Torres Quintero En línea 01/04/2026   G73 01/04/2026 http://hdl.handle.net/20.500.12209/21364 01/04/2026 Libro Electrónico